01504nam a2200373 i 4500001000700000003000800007005001700015006001900032007001500051008004100066020002800107035002200135040003100157050002300188080001000211082001200221245014300233264003600376300005700412336003100469337003300500338004300533504004300576588008300619590016200702650002500864650004300889650003200932655002700964700003900991797001801030856006301048999001901111149576FINmELB20241217182423.0m o u cr cn|||||||||230127s2020 ck a ob 000 0 spa d a9789587823134q(e-book) a(OCoLC)1370946835 aFINmELBbspaerdacFINmELB14aSF250.5bP964 2020 a637.104a63722300aPrograma de educación para el consumo responsable de alimentos y bebidas lácteas funcionales /cCarolina Garzón Medina, [y otros 7]. 1aTunja :bEdiciones USTA,c2020. a1 recurso en línea (46 páginas) :bilustraciones atextobtxt2rdacontent/spa acomputadorabc2rdamedia/spa arecurso en líneabcr2rdacarrier/spa aContiene referencias bibliográficas. aDescripción basada en metadatos suministrados por el editor y otras fuentes. aRecurso electrónico. Santa Fe, Arg.: elibro, 2023. Disponible vía World Wide Web. El acceso puede estar limitado para las bibliotecas afiliadas a elibro. 0aProductos lácteos. 0aNutrición infantilxInvestigaciones. 0aProtección al consumidor. 4aLibros electrónicos.1 aGarzón Medina, Carolina,eautor.2 aelibro, Corp.40uhttps://elibro.net/ereader/politecnicointernacional/217831 c149576d149576